Gaming Quiz

Random Gaming or Console Quiz

Genesis or Super Nintendo? Quiz Stats

 Plays Quiz Updated May 10, 2015

Challenge
Share
Tweet
Embed
Score 0/40 Timer 02:00
16 Plays Today
Game (G)enesis or Super (N)intendo? % Correct
Super Mario World???
76.7%
Donkey Kong Country???
76.1%
The Legend of Zelda: A Link to the Past???
75.9%
Star Fox???
72.1%
Sonic the Hedgehog???
71.7%
Mega Man X???
69.5%
F-Zero???
69.1%
Final Fantasy III (VI)???
69%
Tetris Attack???
68.8%
Ecco the Dolphin???
67.6%
Altered Beast???
67.6%
Comix Zone???
66%
EarthBound???
65.3%
Harvest Moon???
64.6%
Chrono Trigger???
64.5%
Golden Axe???
63.9%
Michael Jackson's Moonwalker???
63.8%
SimCity???
63.2%
Dynamite Headdy???
62.7%
Teenage Mutant Ninja Turtles IV: Turtles in Time???
62.6%
Game (G)enesis or Super (N)intendo? % Correct
Ristar???
62.6%
Columns???
62.5%
Shining Force???
62.4%
Secret of Mana???
62.1%
Virtua Racing???
61.6%
Gunstar Heroes???
60.9%
Phantasy Star II???
60.6%
OutRun???
60.5%
Kid Chameleon???
60.4%
Dark Castle???
55.8%
Killer Instinct???
54.6%
Breath of Fire???
52.9%
Castle of Illusion Starring Mickey Mouse???
51.2%
Back to the Future Part III???
50%
The Legend of the Mystical Ninja???
49.8%
Ken Griffey Jr.'s Winning Run???
49.7%
Teenage Mutant Ninja Turtles: The Hyperstone Heist???
49.2%
ActRaiser???
47.7%
Phalanx???
42.3%
Castlevania: Bloodlines???
42%

You're not logged in!

Compare scores with friends on all Sporcle quizzes.
Join for Free
OR
Log In

You Might Also Like...

Show Comments

Extras

Top Quizzes Today


Score Distribution

Your Account Isn't Verified!

In order to create a playlist on Sporcle, you need to verify the email address you used during registration. Go to your Sporcle Settings to finish the process.

Report this User

Report this user for behavior that violates our Community Guidelines.

Details: